| 000 | 004650000a22001810004500 | ||
|---|---|---|---|
| 003 | MACL | ||
| 005 | 20160122122343.0 | ||
| 008 | 160122b xxu||||| |||| 00| 0 eng d | ||
| 040 |
_aMACL _cMACL |
||
| 041 | _aEnglish | ||
| 082 | _a510/GUL | ||
| 100 |
_aGulati, S L _934034 |
||
| 245 | _aQuantitative Mathematical Numerical Aptitude Tests | ||
| 260 |
_bCosmos Bookhive LTD _aNew Delhi |
||
| 350 | _a225 | ||
| 650 |
_aMathematics _95682 |
||
| 942 |
_cBK _k510/GUL _2ddc |
||
| 999 |
_c33066 _d33066 |
||